000 00678nam a2200193 i 4500
001 48843
003 ES-MaACL
005 20251004063107.0
007 t|
008 030701s1869 po ||||1| por d
100 1 _aCordeiro, Luciano,
_d1844-1900
_940499
245 1 0 _aLivro de critica, arte e litteratura portuguesa d'hoje 1868-1869 /
_cpor Luciano Cordeiro.
260 _aPorto :
_b[s.n.],
_c1869 (
_fTyp. Lusitana)
300 _a319 p., 1 lám., retrato del autor ;
_c19 cm.
650 4 _aLiteratura portuguesa-
_yS.XIX-
_xHistoria y crítica.
_9136433
650 _aLiteratura-
_xHistoria y crítica.
_914489
852 _aES-MaACL
_jG-8528
999 _c48843
_d48843